00313nam a2200085Ia 4500008004100000082001500041100003900056245011700095260001500212230320s9999||||xx |||||||||||||| ||spa|| aTMG/2019/1 aCarbonel Aguilar, Margot Elizabeth 0aCompetencias Socioemocionales En Docentes De Educación Básica Regular En Una Institución Educativa Privada bLima, 2018